ARRUPE JESUIT UNIVERSITY

CORONAVIRUS -STOP THE SPREAD - CLEAN,DISINFECT,COVER

A man sent by God : (Record no. 127360)

MARC details
000 -LEADER
fixed length control field 01004cam a2200289 i 4500
001 - CONTROL NUMBER
control field 19779431
003 - CONTROL NUMBER IDENTIFIER
control field ARRUPE
005 - DATE AND TIME OF LATEST TRANSACTION
control field 20180111123240.0
008 - FIXED-LENGTH DATA ELEMENTS--GENERAL INFORMATION
fixed length control field 170711s2017 mou s000 0beng
010 ## - LIBRARY OF CONGRESS CONTROL NUMBER
LC control number 2017415452
020 ## - INTERNATIONAL STANDARD BOOK NUMBER
International Standard Book Number 9781910248409 (pbk.)
020 ## - INTERNATIONAL STANDARD BOOK NUMBER
International Standard Book Number 9781910248560 (hbk.)
040 ## - CATALOGING SOURCE
Original cataloging agency DLC
Language of cataloging eng
Transcribing agency DLC
Description conventions rda
042 ## - AUTHENTICATION CODE
Authentication code pcc
050 00 - LIBRARY OF CONGRESS CALL NUMBER
Classification number BX3756.S9
Item number L863 2017
300 ## - PHYSICAL DESCRIPTION
Dimensions 24 cm
100 1# - MAIN ENTRY--PERSONAL NAME
Personal name Looby, John,
Titles and other words associated with a name SJ,
Relator term author.
9 (RLIN) 38403
245 12 - TITLE STATEMENT
Title A man sent by God :
Remainder of title blessed John Sullivan SJ /
Statement of responsibility, etc John Looby SJ.
260 ## - PUBLICATION, DISTRIBUTION, ETC. (IMPRINT)
Place of publication, distribution, etc Dublin
Name of publisher, distributor, etc Messenger Publications
Date of publication, distribution, etc 2017
300 ## - PHYSICAL DESCRIPTION
Extent 84 p. ;
600 10 - SUBJECT ADDED ENTRY--PERSONAL NAME
Personal name Sullivan, John,
Dates associated with a name 1861-1933.
9 (RLIN) 13963
610 20 - SUBJECT ADDED ENTRY--CORPORATE NAME
Corporate name or jurisdiction name as entry element Jesuits
Geographic subdivision Ireland
Form subdivision Biography.
9 (RLIN) 38404
906 ## - LOCAL DATA ELEMENT F, LDF (RLIN)
a 7
b cbc
c orignew
d 3
e ncip
f 20
g y-gencatlg
942 ## - ADDED ENTRY ELEMENTS (KOHA)
Source of classification or shelving scheme Library of Congress Classification
Koha item type Monograph ( Printed materials)
Holdings
Withdrawn status Lost status Source of classification or shelving scheme Damaged status Not for loan Collection code Home library Current library Shelving location Date acquired Total Checkouts Full call number Barcode Date last seen Price effective from Koha item type
    Library of Congress Classification     Main Collection ARRUPE LIBRARY ARRUPE LIBRARY Main Collection 11/01/2018   BX3756.S9 L863 2017 46600001267 11/01/2018 11/01/2018 Monograph ( Printed materials)

 

Arrupe Library. PO Box MP320 Mt Pleasant, Harare, Zimbabwe
263 242 745411|librarian@aju.ac.zw